000 00485cam a2200181ua 4500
020 _a81-203-2058-X
_cRs 325.00
041 _aeng
_h
082 _a632.7
_bPED/EN
100 _aPedigo, Larry P .
245 _aEntomology and pest management /
_cLarry P Pedigo.
_hTextual Documents
250 _a4 /
_b.
260 _aNew Delhi :
_bPrentice Hall of India Pvt Ltd. ,
_c2002.
300 _a742.
365 _aRs 325.00
504 _a
942 _cBK
999 _c1439
_d1439